Normal view
MARC view
- ARSHANA V.K
Entry Personal Name
001 - CONTROL NUMBER
- control field: 3830
003 - CONTROL NUMBER IDENTIFIER
- control field: OSt
005 - DATE AND TIME OF LATEST TRANSACTION
- control field: 20181101101212.0
008 - FIXED-LENGTH DATA ELEMENTS
- fixed length control field: 181101|| aca||aabn | a|a d
040 ## - CATALOGING SOURCE
- Original cataloging agency: OSt
- Transcribing agency: OSt
100 ## - HEADING--PERSONAL NAME
- Personal name: ARSHANA V.K
670 ## - SOURCE DATA FOUND
- Source citation: Work cat.: (OSt)14954: ARSHANA V.K HARITHA A HREDHYA HARIDAS JYOTHISH V RASHIDA RAJUVA T.A, Simulating the impact of check dams on river flow-a case study in Bharathappuzha river basin
